| 000 | 00528nam a2200169 i 4500 | ||
|---|---|---|---|
| 001 | 23172 | ||
| 003 | ES-MaACL | ||
| 005 | 20230906152827.0 | ||
| 007 | t| | ||
| 008 | 021209s1971 sp ||||1| spa d | ||
| 100 | 1 |
_aAlonso, Eduardo. _920198 |
|
| 245 | 1 | 0 |
_aLenguaje, expresión literaria y lingüística del español / _cEduardo Alonso, Arcadio López-Casanova. |
| 260 |
_aValencia : _bBello, _c[1971] |
||
| 300 |
_aIV, 296 p. ; _c22 cm. |
||
| 700 | 1 |
_aLópez-Casanova, Arcadio. _973496 |
|
| 852 |
_aES-MaACL _jC-38606 _bR.79111 |
||
| 999 |
_c23172 _d23172 |
||